000 00550cab a2200181 4500
001 ##L133451
008 060509n2005 000 0 eng u
035 _a(Sirsi) u133451
041 0 _aeng
100 1 _aHipwell, Deirdre
245 0 0 _aProperty Week supplement
_bIreland
260 _c2005
490 _aProperty Week
_vSupplement 2 September 2005
520 _aConsiders development, the impact of the peace process and the retail market.
650 2 4 _aEIRE
690 _aPROPERTY-COMMERCIAL PROPERTY-COMMERCIAL PROPERTY MARKET
942 _n0
999 _c77015
_d77015